Graphologie et entreprises : histoire et controverses (notice n° 2224918)
[ vue normale ]
| 000 -LEADER | |
|---|---|
| fixed length control field | 01069cam a2200157 4500500 |
| 005 - DATE AND TIME OF LATEST TRANSACTION | |
| control field | 20260426014333.0 |
| 041 ## - LANGUAGE CODE | |
| Language code of text/sound track or separate title | fre |
| 042 ## - AUTHENTICATION CODE | |
| Authentication code | dc |
| 100 10 - MAIN ENTRY--PERSONAL NAME | |
| Personal name | Marchal, Emmanuelle |
| Relator term | author |
| 245 00 - TITLE STATEMENT | |
| Title | Graphologie et entreprises : histoire et controverses |
| 260 ## - PUBLICATION, DISTRIBUTION, ETC. | |
| Date of publication, distribution, etc. | 2005.<br/> |
| 500 ## - GENERAL NOTE | |
| General note | 87 |
| 520 ## - SUMMARY, ETC. | |
| Summary, etc. | RésuméL’auteur se propose de comprendre la situation paradoxale des méthodes de recrutement à la française. En effet, la graphologie y est utilisée comme méthode de sélection des candidats, alors même qu’elle a des détracteurs et qu’elle n’est pas légitime, voire interdite, dans les autres pays. C’est une analyse historique qui lui permet de mettre en évidence la construction de cette position, au travers notamment des logiques professionnelles des différents intervenants dans les recrutements : graphologues, psychologues et consultants. |
| 786 0# - DATA SOURCE ENTRY | |
| Note | Sociologies pratiques | 10 | 1 | 2005-03-01 | p. 57-76 | 1235-9278 |
| 856 41 - ELECTRONIC LOCATION AND ACCESS | |
| Uniform Resource Identifier | <a href="https://shs.cairn.info/revue-sociologies-pratiques-2005-1-page-57?lang=fr&redirect-ssocas=7080">https://shs.cairn.info/revue-sociologies-pratiques-2005-1-page-57?lang=fr&redirect-ssocas=7080</a> |
Pas d'exemplaire disponible.




Réseaux sociaux